<?xml version="1.0" encoding="UTF-8"?>
<record
    xmlns:xsi="http://www.w3.org/2001/XMLSchema-instance"
    xsi:schemaLocation="http://www.loc.gov/MARC21/slim http://www.loc.gov/standards/marcxml/schema/MARC21slim.xsd"
    xmlns="http://www.loc.gov/MARC21/slim">

  <leader>02104cam a2200277 a 4500</leader>
  <controlfield tag="001">934123</controlfield>
  <controlfield tag="003">OSt</controlfield>
  <controlfield tag="005">20211112101942.0</controlfield>
  <controlfield tag="008">830815s1984    nyua     b    001 0 eng  </controlfield>
  <datafield tag="010" ind1=" " ind2=" ">
    <subfield code="a">  8212540</subfield>
  </datafield>
  <datafield tag="020" ind1=" " ind2=" ">
    <subfield code="a">0801648858</subfield>
  </datafield>
  <datafield tag="040" ind1=" " ind2=" ">
    <subfield code="a">LC</subfield>
    <subfield code="c">LC</subfield>
    <subfield code="d">LC</subfield>
  </datafield>
  <datafield tag="050" ind1="0" ind2="0">
    <subfield code="a">RC440.P69 </subfield>
  </datafield>
  <datafield tag="060" ind1=" " ind2=" ">
    <subfield code="a">WY 160 S929p</subfield>
  </datafield>
  <datafield tag="082" ind1="0" ind2="0">
    <subfield code="a">610.73/68</subfield>
    <subfield code="2">2ed</subfield>
  </datafield>
  <datafield tag="245" ind1="0" ind2="0">
    <subfield code="a">Principles and practice of psychiatric nursing. /</subfield>
    <subfield code="c">Edited by Gail Wiscarz Stuart, Sandra J. Sundeen</subfield>
  </datafield>
  <datafield tag="250" ind1=" " ind2=" ">
    <subfield code="a">2nd ed.</subfield>
  </datafield>
  <datafield tag="260" ind1=" " ind2=" ">
    <subfield code="a">St. Louis, Missouri:</subfield>
    <subfield code="b">Mosby,</subfield>
    <subfield code="c">1983.</subfield>
  </datafield>
  <datafield tag="300" ind1=" " ind2=" ">
    <subfield code="a">xvi, 1018 p. :</subfield>
    <subfield code="b">ill. ;</subfield>
    <subfield code="c">26 cm.</subfield>
  </datafield>
  <datafield tag="505" ind1=" " ind2=" ">
    <subfield code="a">Contents: Principles of psychiatric nursing: Roles and functions of psychiatric nurses -- Conceptual models of psychiatric care -- The therapeutic nurse-patient relationship -- The nursing therapeutic process -- Preventive mental health nursing -- Rehabilitative psychiatric nursing -- Anxiety -- Alterations in self-concept -- Disturbances of mood -- Self-destructive behavior -- Disruptions in relatedness -- Problems with the expression of anger -- Impaired cognition -- Substance abuse -- Somatic therapies and psychiatric nursing -- Legal aspects of psychiatric care -- 2. Practice of psychiatric nursing: Psychiatric evaluation -- Evolution of inpatient psychiatric nursing -- The psychiatric nurse's role in community mental health -- Crisis therapy -- Behavior modification -- Human sexuality and nursing practice -- Liaison nursing: a model for nursing practice -- Small groups and their therapeutic forces -- Family therapy -- Child psychiatric nursing -- Adolescent psychiatric nursing -- Nursing intervention in family abuse and violence -- Counselling the victim of rape -- Care of the chronically mentally ill patient -- Gerontological psychiatric nursing -- Individuals and families: caring for the dying -- Thee pragmatics of private practice -- Issues and trends in psychiatric-mental health nursing -- </subfield>
  </datafield>
  <datafield tag="650" ind1=" " ind2="0">
    <subfield code="a">Psychiatric nursing.</subfield>
  </datafield>
  <datafield tag="700" ind1=" " ind2=" ">
    <subfield code="q">Stuart, Gail Wiscarz</subfield>
  </datafield>
  <datafield tag="700" ind1=" " ind2=" ">
    <subfield code="q">Sundeen, Sandra J.</subfield>
  </datafield>
  <datafield tag="906" ind1=" " ind2=" ">
    <subfield code="a">7</subfield>
    <subfield code="b">cbc</subfield>
    <subfield code="c">orignew</subfield>
    <subfield code="d">1</subfield>
    <subfield code="e">ocip</subfield>
    <subfield code="f">19</subfield>
    <subfield code="g">y-gencatlg</subfield>
  </datafield>
  <datafield tag="942" ind1=" " ind2=" ">
    <subfield code="2">lcc</subfield>
    <subfield code="c">BK</subfield>
  </datafield>
  <datafield tag="999" ind1=" " ind2=" ">
    <subfield code="c">7963</subfield>
    <subfield code="d">15463</subfield>
  </datafield>
  <datafield tag="952" ind1=" " ind2=" ">
    <subfield code="0">0</subfield>
    <subfield code="1">0</subfield>
    <subfield code="2">lcc</subfield>
    <subfield code="4">0</subfield>
    <subfield code="7">0</subfield>
    <subfield code="a">WIUC-KL</subfield>
    <subfield code="b">WIUC-KL</subfield>
    <subfield code="d">2019-08-14</subfield>
    <subfield code="o">RC440.P69(2e)</subfield>
    <subfield code="p">KSN/482/19</subfield>
    <subfield code="r">2021-11-11 00:00:00</subfield>
    <subfield code="w">2021-11-11</subfield>
    <subfield code="y">BK</subfield>
  </datafield>
</record>
